Statistics for Pop Culture of the 2000s by Image

Click here to take the quiz!

General Stats

  • This quiz has been taken 1,052 times
  • The average score is 15 of 20

Answer Stats

Answer% Correct
Barack Obama
98%
Michael Jackson
98%
iPhone
97%
September 11 Attacks
96%
Xbox
96%
The Matrix Reloaded & The Matrix Revolutions
94%
Euro
91%
Britney Spears
87%
High School Musical
85%
Ugg Boots
85%
The Dark Knight
83%
Avril Lavigne
81%
NSYNC
78%
MySpace
71%
Bratz
69%
Survivor
60%
Super Size Me
59%
Heelys
49%
Human Genome Project
24%
Photobombing
11%

Score Distribution

Percentile by Number Answered

Percent of People with Each Score

Your Score History

You have not taken this quiz